<?xml version="1.0" encoding="UTF-8"?>
<record
    xmlns:xsi="http://www.w3.org/2001/XMLSchema-instance"
    xsi:schemaLocation="http://www.loc.gov/MARC21/slim http://www.loc.gov/standards/marcxml/schema/MARC21slim.xsd"
    xmlns="http://www.loc.gov/MARC21/slim">

  <leader>00999nam a2200217 a 4500</leader>
  <controlfield tag="001">85639</controlfield>
  <controlfield tag="003">BD-RjUL</controlfield>
  <controlfield tag="005">20250904105655.0</controlfield>
  <controlfield tag="008">250904s1885    ii ||||| |||| 00| 0 ben d</controlfield>
  <datafield tag="035" ind1=" " ind2=" ">
    <subfield code="a">(BD-RjUL)85639</subfield>
  </datafield>
  <datafield tag="040" ind1=" " ind2=" ">
    <subfield code="a">BD-RjUL</subfield>
    <subfield code="b">ben</subfield>
    <subfield code="c">BD-RjUL</subfield>
    <subfield code="d">BD-RjUL</subfield>
  </datafield>
  <datafield tag="041" ind1=" " ind2=" ">
    <subfield code="a">ben</subfield>
  </datafield>
  <datafield tag="082" ind1=" " ind2=" ">
    <subfield code="2">23</subfield>
    <subfield code="a">891.441</subfield>
    <subfield code="b">DAM 1885</subfield>
  </datafield>
  <datafield tag="100" ind1="1" ind2=" ">
    <subfield code="a">&#x9A6;&#x9A4;&#x9CD;&#x9A4;, &#x9AE;&#x9BE;&#x987;&#x995;&#x9C7;&#x9B2; &#x9AE;&#x9A7;&#x9C1;&#x9B8;&#x9C2;&#x9A6;&#x9A8;</subfield>
    <subfield code="9">125909</subfield>
  </datafield>
  <datafield tag="245" ind1="1" ind2="0">
    <subfield code="a">&#x9AE;&#x9C7;&#x998;&#x9A8;&#x9BE;&#x9A6;&#x9AC;&#x9A7; &#x995;&#x9BE;&#x9AC;&#x9CD;&#x9AF;  :</subfield>
    <subfield code="b">[&#x997;&#x9CD;&#x9B0;&#x9A8;&#x9CD;&#x9A5;&#x995;&#x9BE;&#x9B0;&#x9C7;&#x9B0; &#x99C;&#x9C0;&#x9AC;&#x9A8; &#x9AC;&#x9C3;&#x9A4;&#x9CD;&#x9A4;&#x9BE;&#x9A8;&#x9CD;&#x9A4; &#x9B8;&#x9B9;&#x9BF;&#x9A4; &#x9A8;&#x9A4;&#x9C1;&#x9A8; &#x9B8;&#x982;&#x9B8;&#x9CD;&#x995;&#x9B0;&#x9A3;, &#x9AA;&#x9CD;&#x9B0;&#x9A5;&#x9AE; &#x993; &#x9A6;&#x9CD;&#x9AC;&#x9BF;&#x9A4;&#x9C0;&#x9AF;&#x9BC; &#x9AD;&#x9BE;&#x997; &#x98F;&#x995;&#x9A4;&#x9CD;&#x9B0;&#x9C7; ] /</subfield>
    <subfield code="c">&#x9AE;&#x9BE;&#x987;&#x995;&#x9C7;&#x9B2; &#x9AE;&#x9A7;&#x9C1;&#x9B8;&#x9C2;&#x9A6;&#x9A8; &#x9A6;&#x9A4;&#x9CD;&#x9A4; </subfield>
  </datafield>
  <datafield tag="260" ind1=" " ind2=" ">
    <subfield code="a">&#x995;&#x9B2;&#x9BF;&#x995;&#x9BE;&#x9A4;&#x9BE; :</subfield>
    <subfield code="b">&#x9AC;&#x9BE;&#x9A8;&#x9C0; &#x9AE;&#x9BE;&#x9A7;&#x9AC; &#x9A6;&#x9C7; &#x98F;&#x9A3;&#x9CD;&#x9A1; &#x995;&#x9CB;&#x982;,</subfield>
    <subfield code="c">&#x9E7;&#x9EE;&#x9EE;&#x9EB;</subfield>
  </datafield>
  <datafield tag="300" ind1=" " ind2=" ">
    <subfield code="a">&#x9E9;&#x9E8;&#x9E6; &#x9AA;&#x9C3;. ;</subfield>
    <subfield code="c">&#x9E8;&#x9E8; &#x9B8;&#x9C7;&#x9AE;&#x9BF;.</subfield>
  </datafield>
  <datafield tag="650" ind1=" " ind2=" ">
    <subfield code="a">&#x9AC;&#x9BE;&#x982;&#x9B2;&#x9BE; &#x995;&#x9AC;&#x9BF;&#x9A4;&#x9BE;</subfield>
    <subfield code="9">125910</subfield>
  </datafield>
  <datafield tag="650" ind1=" " ind2=" ">
    <subfield code="a">Bengali Poetry</subfield>
    <subfield code="9">125911</subfield>
  </datafield>
  <datafield tag="942" ind1=" " ind2=" ">
    <subfield code="2">ddc</subfield>
    <subfield code="c">BK</subfield>
  </datafield>
  <datafield tag="999" ind1=" " ind2=" ">
    <subfield code="c">85639</subfield>
    <subfield code="d">85639</subfield>
  </datafield>
  <datafield tag="952" ind1=" " ind2=" ">
    <subfield code="0">0</subfield>
    <subfield code="1">0</subfield>
    <subfield code="2">ddc</subfield>
    <subfield code="4">0</subfield>
    <subfield code="7">1</subfield>
    <subfield code="8">NFIC</subfield>
    <subfield code="a">RUCL</subfield>
    <subfield code="b">RUCL</subfield>
    <subfield code="c">Reading</subfield>
    <subfield code="d">2025-09-04</subfield>
    <subfield code="l">0</subfield>
    <subfield code="o">B 891.441 DAM 1885</subfield>
    <subfield code="r">2025-09-04 00:00:00</subfield>
    <subfield code="t">C-1</subfield>
    <subfield code="w">2025-09-04</subfield>
    <subfield code="y">BK</subfield>
  </datafield>
</record>
